000 00481nam a2200193Ia 4500
005 20250127060101.0
008 240331s9999 xx 000 0 und d
020 _a0415902045
082 _bNYE
_21152
_a305.4
100 _aNye, A
245 0 _aFeminist Theory and the Philosophies of Man
260 _aNew York
_aLondon
_bRoutledge
_c1989
300 _ax, 244 p.,
650 _aFeminist Theory
650 _aPhilosophy
650 _aWomen
650 _aPatriarchy
942 _cL
999 _c1679
_d1679